00706nam a2200169 a 450000100100000000500170001000800410002704000250006808200150009310000330010824500490014126000470019030000210023759000750025895201860033399900170051900003541320200930074326.0111031s1968 ve 000 0 spa d aDO-SdBNPbspacBNPHU axxxxbxxxx1 aOviedo, José Miguel96124510aNarradores peruanos /cJosé Miguel Oviedo. aCaracas, Venezuela, :bMonte avila,c1968. a276 p. ;c18 cm. aPerteneció a la biblioteca personal de Juan Isidro Jimenes Grullón 001050718MOaGRbGRcHDd2011-10-31iLF1l0oxxxx xxxxp35413-10r2020-06-25w2020-06-25y1zPerteneció a la biblioteca personal de Juan Isidro Jimenes Grullón.ZNo se presta c34904d34904